Privación de la libertad de personas amparadas por la presunción de inocencia / (Registro nro. 58495)

Detalles MARC
000 -LEADER
campo de control de longitud fija 03106nam a2200517 i 4500
001 - NÚMERO DE CONTROL
campo de control 58495
003 - IDENTIFICADOR DE NÚMERO DE CONTROL
campo de control FINmELB
005 - FECHA Y HORA DE LA ÚLTIMA TRANSACCIÓN
campo de control 20241216233020.0
006 - CÓDIGOS DE INFORMACIÓN DE LONGITUD FIJA--CARACTERÍSTICAS DEL MATERIAL ADICIONAL
campo de control de longitud fija m o d |
007 - CAMPO FIJO DE DESCRIPCIÓN FÍSICA--INFORMACIÓN GENERAL
campo de control de longitud fija cr cnu||||||||
008 - DATOS DE LONGITUD FIJA--INFORMACIÓN GENERAL
campo de control de longitud fija 210604s2017 ck ob 000 0 spa d
020 ## - NÚMERO INTERNACIONAL ESTÁNDAR DEL LIBRO
ISBN cancelado o inválido 9789588869612
035 ## - NÚMERO DE CONTROL DEL SISTEMA
Número de control de sistema (OCoLC)1257035153
040 ## - FUENTE DE CATALOGACIÓN
Centro catalogador/agencia de origen FINmELB
Lengua de catalogación spa
Normas de descripción rda
Centro/agencia transcriptor FINmELB
043 ## - CÓDIGO DE ÁREA GEOGRÁFICA
Código de área geográfica s-ck---
050 00 - SIGNATURA TOPOGRÁFICA DE LA BIBLIOTECA DEL CONGRESO
Número de clasificación KHH5891.5
Número de ítem B436 2017
082 00 - NÚMERO DE LA CLASIFICACIÓN DECIMAL DEWEY
Número de clasificación 345.861075
Información de edición 23
100 1# - ENTRADA PRINCIPAL--NOMBRE DE PERSONA
Nombre de persona Bedoya, Luis Fernando,
Término indicativo de función/relación autor.
245 10 - MENCIÓN DEL TÍTULO
Título Privación de la libertad de personas amparadas por la presunción de inocencia /
Mención de responsabilidad, etc. Luis Fernando Bedoya Sierra, investigador principal ; Bertha Isabel González Jaramillo, investigadora.
264 #1 - PRODUCCIÓN, PUBLICACIÓN, DISTRIBUCIÓN, FABRICACIÓN Y COPYRIGHT
Producción, publicación, distribución, fabricación y copyright Medellín :
Nombre del de productor, editor, distribuidor, fabricante Ediciones UNAULA,
Fecha de producción, publicación, distribución, fabricación o copyright 2017.
300 ## - DESCRIPCIÓN FÍSICA
Extensión 1 recurso en línea (125 páginas)
336 ## - TIPO DE CONTENIDO
Término de tipo de contenido texto
Código de tipo de contenido txt
Fuente rdacontent/spa
337 ## - TIPO DE MEDIO
Nombre/término del tipo de medio computadora
Código del tipo de medio c
Fuente rdamedia/spa
338 ## - TIPO DE SOPORTE
Nombre/término del tipo de soporte recurso en línea
Código del tipo de soporte cr
Fuente rdacarrier/spa
490 0# - MENCIÓN DE SERIE
Mención de serie Libro resultado de investigación
504 ## - NOTA DE BIBLIOGRAFÍA, ETC.
Nota de bibliografía, etc. Nota Incluye referencias bibliográficas (páginas 121-125).
505 0# - NOTA DE CONTENIDO CON FORMATO
Nota de contenido con formato PÁGINA LEGAL -- CONTENIDO -- MARCO CONCEPTUAL -- FORMULACIÓN DEL PROBLEMA -- OBJETIVOS -- PREGUNTAS DE INVESTIGACIÓN -- JUSTIFICACIÓN -- ANÁLISIS DE RESULTADOS -- VARIABLE I. PRESUNCIÓN DE INOCENCIA -- VARIABLE II. CARÁCTER CAUTELAR DE LA MEDIDA DE ASEGURAMIENTO -- VARIABLE III. PRINCIPIO DE PROPORCIONALIDAD -- VARIABLE IV. PREVALENCIA DE LAS NORMAS CONSTITUCIONALES Y DE LAS NORMAS (...) -- VARIABLE V. INCIDENCIA DE LOS MEDIOS DE COMUNICACIÓN -- VARIABLE VI. INCIDENCIA DEL EJERCICIO DE LA ACCIÓN DISCIPLINARIA DE LA (...) -- CONCLUSIONES PARCIALES FRENTE A LA VARIABLE VI. EJERCICIO DE LA ACCIÓN (...) -- CONCLUSIONES FINALES Y RECOMENDACIONES -- BIBLIOGRAFÍA.
520 ## - RESUMEN, ETC.
Sumario, etc. A prisión preventiva ha ganado terreno en la medida que los jueces sienten temor de ser investigados penal o disciplinariamente por tomar decisiones libertarias. Ese temor de los funcionarios no se deriva a experiencias propias, sino de cómo perciben las prácticas de algunos de sus colegas. Así, resulta imperioso revisar la protección de otros poderes públicos y de la Judicatura misma.
588 ## - NOTA DE FUENTE DE LA DESCRIPCIÓN
Nota de fuente de la descripción Descripción basada en metadatos suministrados por el editor y otras fuentes.
590 ## - NOTA LOCAL (RLIN)
Nota local Recurso electrónico. Santa Fe, Arg.: elibro, 2021. Disponible vía World Wide Web. El acceso puede estar limitado para las bibliotecas afiliadas a elibro.
650 #0 - PUNTO DE ACCESO ADICIONAL DE MATERIA--TÉRMINO DE MATERIA
Término de materia o nombre geográfico como elemento de entrada Presumption of innocence
Subdivisión geográfica Colombia.
650 #4 - PUNTO DE ACCESO ADICIONAL DE MATERIA--TÉRMINO DE MATERIA
Término de materia o nombre geográfico como elemento de entrada Presunción de inocencia
Subdivisión geográfica Colombia.
650 #4 - PUNTO DE ACCESO ADICIONAL DE MATERIA--TÉRMINO DE MATERIA
Término de materia o nombre geográfico como elemento de entrada Detención preventiva
Subdivisión geográfica Colombia.
650 #4 - PUNTO DE ACCESO ADICIONAL DE MATERIA--TÉRMINO DE MATERIA
Término de materia o nombre geográfico como elemento de entrada Derechos civiles
Subdivisión geográfica Colombia.
650 #4 - PUNTO DE ACCESO ADICIONAL DE MATERIA--TÉRMINO DE MATERIA
Término de materia o nombre geográfico como elemento de entrada Debido proceso legal
Subdivisión geográfica Colombia.
650 #0 - PUNTO DE ACCESO ADICIONAL DE MATERIA--TÉRMINO DE MATERIA
Término de materia o nombre geográfico como elemento de entrada Due process of law
Subdivisión geográfica Colombia.
650 #0 - PUNTO DE ACCESO ADICIONAL DE MATERIA--TÉRMINO DE MATERIA
Término de materia o nombre geográfico como elemento de entrada Preventive detention
Subdivisión geográfica Colombia.
650 #0 - PUNTO DE ACCESO ADICIONAL DE MATERIA--TÉRMINO DE MATERIA
Término de materia o nombre geográfico como elemento de entrada Civil rights
Subdivisión geográfica Colombia.
655 #4 - TERMINO DE INDIZACIÓN--GENERO/FORMA
Datos o término principal de género/forma Libros electrónicos.
700 1# - ENTRADA AGREGADA--NOMBRE PERSONAL
Nombre de persona González Jaramillo, Bertha Isabel,
Término indicativo de función/relación autor.
797 2# - PUNTO DE ACCESO ADICIONAL LOCAL--NOMBRE DE ENTIDAD CORPORATIVA (RLIN)
Nombre de entidad corporativa o nombre de jurisdicción como elemento de entrada elibro, Corp.
856 40 - LOCALIZACIÓN Y ACCESO ELECTRÓNICOS
Identificador Uniforme de Recurso <a href="https://elibro.net/ereader/politecnicointernacional/164621">https://elibro.net/ereader/politecnicointernacional/164621</a>

No hay ítems disponibles.


Politécnico Internacional

Institución de Educación Superior
Vigilado Mineducación.
SNES 4727 +4135 DEL 11 de nov. de 2004

Sedes

Sede Norte - Av. Boyacá 138 - 70

Sede Sur - Autopista Sur No 67 - 71

Sede Av Chile - Calle 73 Nº 10-45

Información Legal

Derechos Pecuniarios | Habeas Data | Reglamento Biblioteca


Compartir

YouTube | Twitter | Facebook | LinkedIn


Comunícate con nosotros:

Admisiones: 60-1-7950000
Atención al cliente: 60-1-4005700